| 000 | 00329 a2200133 4500 | ||
|---|---|---|---|
| 999 |
_c322089 _d322089 |
||
| 001 | 87016 | ||
| 003 | NUST | ||
| 005 | 20180124121825.0 | ||
| 008 | 180124b xxu||||| |||| 00| 0 eng d | ||
| 082 | _a364.1524092 MAI | ||
| 100 |
_aMailer,Norman _99682 |
||
| 245 |
_aOswald's Tale : An American Mystery _hEnglish |
||
| 250 | _a1st | ||
| 260 |
_aNewYork _bRandom House _c1995 |
||
| 300 | _axxxv+791p | ||
| 942 |
_aAHQ _cBK _k364.1524092 MAI _2ddc |
||